Cancionero

Na minha lista:
Detalhes bibliográficos
Autor principal: Petrarca, Francesco (Author)
Formato: Livro
Idioma:espanhol
Língua italiana
Publicado em: Madrid Cátedra 1989
Colecção:Letras Universales, 121
Assuntos:
Tags: Adicionar Tag
Sem tags, seja o primeiro a adicionar uma tag!

MARC

LEADER 00000nam a2200000 a 4500
001 UCV9518
003 CL-VaPUC
008 921110e19890000SP |||||||||||||||||spa|d
041 0 7 |a spa  |2 CL-VaPUC 
041 0 7 |a ita  |2 CL-VaPUC 
082 0 4 |a 851  |b PET  |2 21 
100 0 |a Petrarca, Francesco  |e author  |9 303529 
245 1 0 |a Cancionero 
300 |a v 
942 |c BK 
945 |d 19921110 00:00:00 
260 |a Madrid  |b Cátedra  |c 1989 
650 0 |a Poesías italianas  |9 265352 
583 |a last modification  |c 19921110 00:00:00  |k Rodrigo Vera 
490 0 |a Letras Universales, 121 
999 |c 214839  |d 214837 
952 |0 0  |1 0  |4 0  |6 851_000000000000000_PET_1989  |7 0  |8 P  |9 198608  |a BIBARQ  |b BIBARQ  |d 2019-11-14  |h v.1  |i 2660423  |o 851 PET 1989  |p 2660423  |r 2025-01-20  |w 2019-11-14  |y BK  |k ARQ